00919nam a2200229 a 450000100060000000300090000600800410001501500080005602000180006404000280008204100130011008200160012310000230013924502560016225000120041826000590043030000710048950400630056054100160062365000210063970000290066025140CO-ViMGA141112s2004 ck r 000 u spa d aNNN a9789701068861 aCO-ViMGAbspacCO-ViMGA aspabeng04a616.89 H15p1 aHalgin, Richard P.10aPsicología de la anormalidad perspectivas clínicas en los transtornos psicológicos Richard P. Halgin, Susan Krauss Whitbourne ; traducción Enrique Palos Báez, Jorge Alberto Velázquez Arellano ; revisión técnica Alejandra Reyes García a5a. ed. aMéxico ; Bogotá ; Buenos Aires McGraw - Hill 2009. a531 p., [66] p. en varias paginaciones ilustraciones, fotos 27 cm. aIncluye referencias bibliográficas, glosario e índice. 49.600; 1 c.14aPsicopatología1 aWhitbourne, Susan Krauss